European Capitals by Skyline - Statistics

General Stats
  • This quiz has been taken 42 times
  • The average score is 18 of 45
Answer Stats
Picture Answer % Correct
Copenhagen
100%
Paris
94%
Vatican City
82%
Berlin
79%
London
79%
Reykjavik
79%
San Marino
73%
Rome
70%
Budapest
67%
Prague
67%
Warsaw
58%
Andorra la Vella
55%
Valletta
55%
Moscow
52%
Helsinki
45%
Monaco
45%
Vaduz
45%
Riga
39%
Athens
36%
Sofia
36%
Stockholm
36%
Tallinn
36%
Ljubljana
33%
Vilnius
33%
Amsterdam
30%
Bucharest
30%
Oslo
30%
Bratislava
27%
Brussels
27%
Bern
24%
Luxembourg City
21%
Skopje
21%
Podgorica
18%
Tirana
18%
Chisinau
15%
Dublin
15%
Kyiv
15%
Lisbon
15%
Vienna
15%
Pristina
12%
Sarajevo
12%
Belgrade
9%
Madrid
9%
Minsk
9%
Zagreb
3%
No matching quizzes found
Score Distribution
Percent of People with Each Score
Percentile by Number Answered
Your Score History
You have not taken this quiz